|
|
|
|
| LEADER |
00000nam0a2200000 4500 |
| 001 |
167085 |
| 005 |
20231031162703.0 |
| 035 |
|
|
|a (RuTPU)RU\TPU\book\181240
|
| 090 |
|
|
|a 167085
|
| 100 |
|
|
|a 20091012d1972 k y0rusy50 ca
|
| 101 |
0 |
|
|a rus
|
| 102 |
|
|
|a UA
|
| 105 |
|
|
|a a z 101zy
|
| 200 |
0 |
|
|a Ч. 1
|
| 210 |
|
|
|d 1972
|
| 215 |
|
|
|a 360 с.
|c ил.
|
| 320 |
|
|
|a Библиография в конце докладов.
|
| 461 |
|
|
|t Нейтронная физика
|o материалы Всесоюзного совещания, Киев, 24-28 мая 1971 года
|o в 2 ч.
|f Академия наук Украинской ССР (АН УССР), Институт ядерных исследований (ИЯИ)
|v Ч. 1
|d 1972
|
| 610 |
1 |
|
|a нейтронная физика
|
| 610 |
1 |
|
|a термоядерные реакторы
|
| 610 |
1 |
|
|a астрофизика
|
| 610 |
1 |
|
|a звезды
|
| 610 |
1 |
|
|a нейтронные реакции
|
| 610 |
1 |
|
|a нейтроны
|
| 610 |
1 |
|
|a ядра
|
| 610 |
1 |
|
|a взаимодействие
|
| 610 |
1 |
|
|a атомные ядра
|
| 610 |
1 |
|
|a свойства
|
| 610 |
1 |
|
|a деление
|
| 610 |
1 |
|
|a ядерные деления
|
| 610 |
1 |
|
|a сбор
|
| 610 |
1 |
|
|a оценка
|
| 610 |
1 |
|
|a нейтронная спектроскопия
|
| 610 |
1 |
|
|a совещания
|
| 675 |
|
|
|a 539.125.5(063)
|v 3
|
| 712 |
1 |
2 |
|a Нейтронная физика
|b всесоюзное совещание
|c материалы
|e Киев
|f 1971
|
| 801 |
|
1 |
|a RU
|b 63413507
|c 20091012
|
| 801 |
|
2 |
|a RU
|b 63413507
|c 20140516
|g RCR
|
| 942 |
|
|
|c BK
|